000 00759nam a2200241 i 4500
001 19205
003 ES-MaACL
005 20230906152030.0
007 t|
008 020701s2001 mx ||||1| spa d
020 _a968-16-6190-7
080 _a82.09"19"
245 0 0 _aGuía de las letras y autores contemporáneos /
_ccompilación de John Sturrock.
250 _a1ª ed. en español.
260 _aMéxico :
_bFondo de Cultura Económica,
_c2001.
300 _a638 p. ;
_c24 cm.
490 1 _aLengua y estudios literarios
650 4 _aLiteratura-
_yS.XX-
_xHistoria y crítica.
_9139829
700 1 _aSturrock, John.
_9108521
830 0 _aLengua y estudios literarios
_9179471
852 _aES-MaACL
_jL-25639
_bR.130831
999 _c19205
_d19205